Mixed Word: 5 Letter A-Z XIV Quiz Stats

 Plays Quiz Updated Oct 26, 2018

Challenge
Share
Tweet
Embed
Score 0/26 Timer 03:00
0 Plays Today
Scramble Unscramble % Correct
EDVILDEVIL
99.3%
CKUHCCHUCK
98.5%
REEGDGREED
98.4%
DLFEIFIELD
96.8%
IRAODRADIO
95.4%
REMIXMIXER
95%
ENAGTAGENT
93.4%
RUTNKTRUNK
93.2%
TXELALATEX
92.7%
LYAREEARLY
92.1%
STPAAPASTA
90.8%
RUIKQQUIRK
90.2%
BAMSISIMBA
88.7%
Scramble Unscramble % Correct
OMSZOZOOMS
88.1%
AYR-SXX-RAYS
87%
INEXVVIXEN
86.4%
OKKISKIOSK
83%
YEANHHYENA
81.3%
IBRENBRINE
80.5%
RAYEWWEARY
77.7%
RVYAOOVARY
77%
OENOSNOOSE
70.8%
SAOJNJASON
70.4%
LENUAULNAE
59.2%
SITENINSET
37.3%
OAUYSYOUSA
35.9%

You're not logged in!

Compare scores with friends on all Sporcle quizzes.
OR
Log In

You Might Also Like...

Show Comments

Extras

Top Quizzes Today


Score Distribution

Your Account Isn't Verified!

In order to create a playlist on Sporcle, you need to verify the email address you used during registration. Go to your Sporcle Settings to finish the process.

Report this User

Report this user for behavior that violates our Community Guidelines.

Details: